Housing for people of all ages : (Record no. 51547)

MARC details
000 -LEADER
fixed length control field 01401cam a22003014a 4500
001 - CONTROL NUMBER
control field vtls003112964
003 - CONTROL NUMBER IDENTIFIER
control field MY-SjTCS
005 - DATE AND TIME OF LATEST TRANSACTION
control field 20200306164915.0
008 - FIXED-LENGTH DATA ELEMENTS--GENERAL INFORMATION
fixed length control field 110218s2007 gw ae b 000 0 eng
020 ## - INTERNATIONAL STANDARD BOOK NUMBER
International Standard Book Number 9783764381196 (English ed. : hd. bd.)
020 ## - INTERNATIONAL STANDARD BOOK NUMBER
International Standard Book Number 3764381191 (English ed. : hd. bd.)
020 ## - INTERNATIONAL STANDARD BOOK NUMBER
International Standard Book Number 9783764381189 (German language ed.)
035 ## - SYSTEM CONTROL NUMBER
System control number 14821289
039 #9 - LEVEL OF BIBLIOGRAPHIC CONTROL AND CODING DETAIL [OBSOLETE]
Level of rules in bibliographic description 201102181641
Level of effort used to assign nonsubject heading access points VLOAD
Level of effort used to assign subject headings 201102181618
Level of effort used to assign classification VLOAD
Level of effort used to assign subject headings 200806191021
Level of effort used to assign classification pushpa
Level of effort used to assign subject headings 200806191010
Level of effort used to assign classification pushpa
-- 200806020852
-- shuhada
082 04 - DEWEY DECIMAL CLASSIFICATION NUMBER
Classification number 728
Item number HOU
245 00 - TITLE STATEMENT
Title Housing for people of all ages :
Remainder of title flexible, unrestricted, senior-friendly /
Statement of responsibility, etc. Christian Schittich (ed.) ; with essays contributed by Peter Ebner ... [et al.] ; [translation, German/English, Catherine Anderle-Neill, Susan Richter].
246 3# - VARYING FORM OF TITLE
Title proper/short title In detail :
Remainder of title Housing for people of all ages
260 ## - PUBLICATION, DISTRIBUTION, ETC.
Place of publication, distribution, etc. Munchen :
Name of publisher, distributor, etc. Edition DETAIL, Institut fur Internationale Architektur-Dokumentation GmbH ;
Place of publication, distribution, etc. Basel :
Name of publisher, distributor, etc. Birkhauser,
Date of publication, distribution, etc. c2007.
300 ## - PHYSICAL DESCRIPTION
Extent 176 p. :
Other physical details ill. (some col.), plans ;
Dimensions 31 cm.
440 #0 - SERIES STATEMENT/ADDED ENTRY--TITLE
Title In detail
9 (RLIN) 20813
504 ## - BIBLIOGRAPHY, ETC. NOTE
Bibliography, etc. note Includes bibliographical references (p. 173-174).
504 ## - BIBLIOGRAPHY, ETC. NOTE
Bibliography, etc. note Internet addresses (selection): p. 175.
650 #0 - SUBJECT ADDED ENTRY--TOPICAL TERM
Topical term or geographic name entry element Dwellings
General subdivision Barrier-free design
Geographic subdivision Europe.
9 (RLIN) 256296
650 #0 - SUBJECT ADDED ENTRY--TOPICAL TERM
Topical term or geographic name entry element Universal design
Geographic subdivision Europe.
9 (RLIN) 256297
700 1# - ADDED ENTRY--PERSONAL NAME
Personal name Schittich, Christian.
9 (RLIN) 18061
700 1# - ADDED ENTRY--PERSONAL NAME
Personal name Ebner, Peter.
9 (RLIN) 256298
920 ## - Programme
Programme BLT(DIP) : 526954
Holdings
Withdrawn status Lost status Source of classification or shelving scheme Damaged status Not for loan Home library Current library Date acquired Total Checkouts Barcode Date last seen Date last checked out Copy number Uniform Resource Identifier Koha item type Public note
    Dewey Decimal Classification     Taylor's Library-TU Taylor's Library-TU 02/06/2008 44 5000049648 05/12/2019 15/07/2019 1 Floor 4, Shelf 31 , Side 1, TierNo 4, BayNo 7 Main Collection SABDx,23003,02,GR